Practical design of reinforced and prestressed concrete structures based on the CEB-FIP model code (MC78) : FIP recommendations. (Record no. 54225)

MARC details
000 -LEADER
fixed length control field 00668nam a2200157 a 4500
008 - FIXED-LENGTH DATA ELEMENTS--GENERAL INFORMATION
fixed length control field 060316s1984 ||||||||||||||||| || u
020 ## - INTERNATIONAL STANDARD BOOK NUMBER
International Standard Book Number 0727702149
050 ## - LIBRARY OF CONGRESS CALL NUMBER
Classification number TA 683.2 Pra
245 00 - TITLE STATEMENT
Title Practical design of reinforced and prestressed concrete structures based on the CEB-FIP model code (MC78) : FIP recommendations.
260 ## - PUBLICATION, DISTRIBUTION, ETC.
Place of publication, distribution, etc. London :
Name of publisher, distributor, etc. Thomas Telford
Date of publication, distribution, etc. 1984
300 ## - PHYSICAL DESCRIPTION
Extent 36 p. : ill.
350 ## - PRICE (NR) (BK AM CF MU VM SE) [OBSOLETE]
Price 0.00
650 ## - SUBJECT ADDED ENTRY--TOPICAL TERM
Topical term or geographic name entry element PRESTRESSED CONCRETE CONSTRUCTION
650 ## - SUBJECT ADDED ENTRY--TOPICAL TERM
Topical term or geographic name entry element REINFORCED CONCRETE CONTRUCTION
995 ## - RECOMMENDATION 995 [LOCAL, UNIMARC FRANCE]
-- 0.00
-- CBU-MAIN LIBRARY (Kitwe)
-- 1
-- 14.00
-- 1
-- AVAILABLE
-- Main Library Open Access Collection
Holdings
Withdrawn status Lost status Source of classification or shelving scheme Damaged status Not for loan Home library Current library Shelving location Date acquired Total Checkouts Full call number Barcode Date last seen Price effective from Koha item type
          CBU-MAIN LIBRARY, KITWE. CBU-MAIN LIBRARY, KITWE.   11/30/2022   TA 683.2 Pra 013866 11/30/2022 11/30/2022 MONOGRAPH